Sapientia christiana: constitución apostólica de Juan Pablo II sobre las universidades y facultades eclesiásticas

محفوظ في:
التفاصيل البيبلوغرافية
المؤلف الرئيسي: Juan Pablo II (مؤلف)
التنسيق: كتاب
اللغة:الإسبانية
منشور في: Santiago Paulinas 1979
الطبعة:1a. ed
الموضوعات:
الوسوم: إضافة وسم
لا توجد وسوم, كن أول من يضع وسما على هذه التسجيلة!

MARC

LEADER 00000cam a2200000 a 4500
001 UCM2524
003 CL-VaPUC
008 020607e19790600CL |||||||||||||||||spa|d
082 0 4 |a 230.0711  |b JUA  |2 21 
100 |a Juan Pablo II  |e author  |9 309920 
245 1 0 |a Sapientia christiana: constitución apostólica de Juan Pablo II sobre las universidades y facultades eclesiásticas 
246 1 0 |a Normas de la Sagrada Congregación para la Educación Católica en orden a la recta aplicación de Sapientia Christiana 
250 |a 1a. ed 
300 |a 77 p 
942 |c BK 
945 |d 20020607 00:00:00  |a cmena 
260 |a Santiago  |b Paulinas  |c 1979 
650 0 |a Educación religiosa universitaria  |9 469321 
650 0 |a Educación superior   |9 223851 
650 0 |a Planificación del currículo  |9 269599 
583 |a last modification  |c 20160726 01:44:05  |k Rodrigo Vera 
999 |c 300361  |d 300359 
952 |0 0  |1 0  |4 0  |6 230_071100000000000_JUA_1979  |7 0  |8 A  |9 358032  |a BIBTEO  |b BIBTEO  |d 2019-11-21  |i 4075927  |o 230.0711 JUA 1979  |p 4075927  |r 2025-01-17  |w 2019-11-21  |y BK  |k ICR 
952 |0 0  |1 0  |3 erb  |4 0  |6 230_071100000000000_JUA_1979  |7 0  |8 A  |9 358033  |a BIBTEO  |b BIBTEO  |e Villagrán Garnham, Jorge  |i 5317665  |o 230.0711 JUA 1979  |p 5317665  |r 2025-01-17  |w 2019-11-21  |y BK  |z Catalogado en:20160731  |k ICR